| 000 | 00842nam a2200229Ii 4500 | ||
|---|---|---|---|
| 003 | JO-AjNU | ||
| 008 | 230605s9999||||xx |||||||||||||| ||und|| | ||
| 017 | _a2010/22516 | ||
| 020 | _a978-977-477-091-3 | ||
| 040 |
_aJO-AjNU _bara _erda _cJO-AjNU |
||
| 041 | _aara | ||
| 050 | 1 | 4 | _aHG4026 2011 |
| 100 | 3 |
_aتأليف: المغربي، محمد الفاتح محمود بشير, _eauthor _933802 |
|
| 245 | 0 | 0 | _aتمويل ومؤسسات مالية |
| 250 | _aط1 | ||
| 264 | 3 | 1 | _aالقاهرة: الشركة العربية المتحدة للتسويق والتوريدات، 2011 |
| 300 |
_a437ص _bيحتوي على ببلوغرافية وقائمة مصطلحات من 436-437ص |
||
| 336 |
_atext _btxt _2rdacontent |
||
| 337 |
_aunmediated _bn _2rdamedia |
||
| 338 |
_avolume _bnc _2rdacarrier |
||
| 650 | 4 |
_aالتمويل _933803 |
|
| 999 |
_aA13795 _c17363 _d17363 |
||